Signal orders records and reports.

Bibliographic Details
Corporate Author: United States. Department of the Army
Format: Book
Language:English
Published: Washington, D.C. : Dept. of the Army, 1970.
Series:FM 24-16
Subjects:

MARC

Tag First Indicator Second Indicator Subfields
LEADER 00000cam a2200000Ia 4500
001 in00002384513
005 20151109054506.0
008 080520s1970 dcu f000 0 eng d
035 |a (OCoLC)ocn228410053 
035 |a (OCoLC)228410053 
040 |a TXA  |c TXA  |d UtOrBLW 
043 |a n-us--- 
049 |a TXAM 
090 |a U408.3  |b .A13 FM24-16 1970 
110 1 |a United States.  |b Department of the Army. 
245 1 0 |a Signal orders records and reports. 
264 1 |a Washington, D.C. :  |b Dept. of the Army,  |c 1970. 
300 |a 1 volume (various pagings) ;  |c 23 cm. 
336 |a text  |b txt  |2 rdacontent 
337 |a unmediated  |b n  |2 rdamedia 
338 |a volume  |b nc  |2 rdacarrier 
490 1 |a FM 24-16 
500 |a Cover title. 
500 |a "This manual supersedes FM 24-16, 12 July 1962 including all changes."--P. 1. 
500 |a "12 May 1970." 
500 |a Cushing Library Ragan Military copy donated in memory of Robert L. Acklen, Jr., class of '63. 
610 1 0 |a United States.  |b Army.  |b Signal Corps. 
810 1 |a United States.  |b Department of the Army.  |t Field manual ;  |v no. 24-16. 
948 |a cataloged  |b h  |c 2008/5/20  |d c  |e jgreene  |f 9:48:29 am 
994 |a C0  |b TXA 
999 |a MARS 
999 f f |s 9db1fff5-10dc-352a-abb8-cd5ace8fd5f5  |i 00e6472b-ffd0-3f19-bf4f-cd52f9d2b059  |t 0 
952 f f |p noncirc  |a Texas A&M University  |b College Station  |c Cushing Memorial Library & Archives  |d Cushing: Ragan Military (Does not check out)  |t 0  |e U408.3 .A13 FM24-16 1970  |h Library of Congress classification  |i unmediated -- volume 
998 f f |a U408.3 .A13 FM24-16 1970  |t 0  |l Cushing: Ragan Military (Does not check out)